000 00702nam a2200277Ia 4500
005 20260324130604.0
008 008 260324s9999 xx 000 0 eng d
020 _a9780429240973
037 _aEBOOK
040 _aCRL
040 _beng
040 _cCRL
041 _2eng
041 _aeng
084 _qCRL
100 _aJohn O'Shaughnessy; Nicholas O'Shaughnessy
_91182345
245 4 _aThe Undermining of Beliefs in the Autonomy and Rationality of Consumers
260 _bTaylor and Francis
260 _c2007
365 _a
365 _b240
856 _uhttp://www.taylorfrancis.com/books/9780429240973
942 _cEBOOK
999 _c1778646
_d1778646